| 000 | 01827nam a2200373 a 4500 | ||
|---|---|---|---|
| 001 | ebr10676728 | ||
| 003 | CaPaEBR | ||
| 006 | m u | ||
| 007 | cr cn||||||||| | ||
| 008 | 100112s2010 nyu sb 001 0deng d | ||
| 010 | _z 2010001173 | ||
| 020 | _z9781608769889 (softcover) | ||
| 020 | _z9781614705628 (e-book) | ||
| 040 |
_aCaPaEBR _cCaPaEBR |
||
| 035 | _a(OCoLC)757394628 | ||
| 043 | _an-us-ny | ||
| 050 | 1 | 4 |
_aKF224.T4 _bP56 2010eb |
| 082 | 0 | 4 |
_a345.747/02523 _222 |
| 100 | 1 | _aPinta, Emil R. | |
| 245 | 1 | 0 |
_a"Paranoia of the millionaire" _h[electronic resource] : _bHarry K. Thaw's 1907 insanity defense / _cEmil R. Pinta. |
| 260 |
_aNew York : _bNova Science Publishers, _cc2010. |
||
| 300 | _aix, 77 p. | ||
| 490 | 1 | _aPsychiatry- theory, applications and treatments | |
| 504 | _aIncludes bibliographical references (p. [61]-69) and index. | ||
| 505 | 0 | _aShooting of Stanford White -- Trial strategies and experts -- Thaw's first trial -- Aftermath -- Thaw's second trial -- "Paranoia of the millionaire" -- Thaw's ongoing legal battles -- Evolving concepts of "brain-storm" and temporary insanity -- Follow-up. | |
| 533 |
_aElectronic reproduction. _bPalo Alto, Calif. : _cebrary, _d2013. _nAvailable via World Wide Web. _nAccess may be limited to ebrary affiliated libraries. |
||
| 600 | 1 | 0 |
_aThaw, Harry Kendall, _d1871-1947 _vTrials, litigation, etc. |
| 650 | 0 |
_aTrials (Murder) _zNew York (State) _zNew York _xHistory _y20th century. |
|
| 650 | 0 |
_aInsanity defense _zNew York (State) _zNew York _xHistory _y20th century. |
|
| 655 | 7 |
_aElectronic books. _2local |
|
| 710 | 2 | _aebrary, Inc. | |
| 830 | 0 | _aPsychiatry- theory, applications and treatments series. | |
| 856 | 4 | 0 |
_uhttp://site.ebrary.com/lib/rucke/Doc?id=10676728 _zAn electronic book accessible through the World Wide Web; click to view |
| 999 |
_c58465 _d58465 |
||